[Event "Superettan(Rockaden,Umea-Vastervik)"]
[Site "?"]
[Date "2009.03.13"]
[Round "7"]
[White "Nygren, David"]
[Black "Harren, Mats"]
[Result "1-0"]
[WhiteElo "2245"]
[BlackElo "2083"]
[PlyCount "75"]

1. e4 d6 2. d4 Nf6 3. Nc3 Nbd7 4. Nf3 e5 5. Bc4 Be7 6. O-O O-O 7. a4 c6 8. Ba2
b6 9. Qe2 a6 10. h3 Rb8 11. Bg5 h6 12. Be3 Nh7 13. Rfd1 Qc7 14. Nh2 b5 15. axb5
axb5 16. f4 Kh8 17. Kh1 Bf6 18. Ng4 exd4 19. Bxd4 Bxd4 20. Rxd4 b4 21. Na4 Qa7
22. Qd1 f5 23. exf5 d5 24. Bb3 Rxf5 25. Qd2 Qc7 26. Re1 Nhf6 27. Nxf6 Rxf6 28.
Re8+ Rf8 29. Rxf8+ Nxf8 30. Rxb4 Ne6 31. f5 Ng5 32. Rxb8 Qxb8 33. f6 Qe5 34.
fxg7+ Kxg7 35. Nc3 Kh8 36. Qe2 Qf5 37. Qe3 Qf1+ 38. Kh2 1-0

[Event "Superettan(Rockaden,Umea-Vastervik)"]
[Site "?"]
[Date "2009.03.13"]
[Round "7"]
[White "Broddefalk, Arvid"]
[Black "Engman, Rickard"]
[Result "1/2-1/2"]
[WhiteElo "1997"]
[BlackElo "2212"]
[PlyCount "96"]

1. c4 e5 2. g3 c6 3. d4 exd4 4. Qxd4 Nf6 5. Bg2 d5 6. Nf3 Be7 7. cxd5 cxd5 8.
O-O Nc6 9. Qa4 O-O 10. Nc3 Qb6 11. Qb5 d4 12. Qxb6 axb6 13. Nb5 Rd8 14. Rd1 Bc5
15. b3 Ra5 16. a4 Be6 17. Rb1 Ne4 18. Bd2 Nxd2 19. Nxd2 d3 20. exd3 Rxd3 21.
Bf1 Rd7 22. Nc4 Rxd1 23. Rxd1 Ra8 24. Nc7 Bg4 25. Rd3 Rd8 26. Rxd8+ Nxd8 27.
Nd5 Be6 28. Nf4 Bd7 29. Bg2 b5 30. axb5 Bxb5 31. Kf1 Ba6 32. Ke1 Nc6 33. Nd3
Bd4 34. f4 Kf8 35. Kd2 Ke7 36. Bf3 Bg1 37. h3 Nd4 38. Bd1 f6 39. g4 Ne6 40. Bf3
Nd4 41. Bd1 b5 42. Ne3 Kd6 43. b4 Bc8 44. Nc5 f5 45. Nd3 Be6 46. Nc5 Bc8 47.
Nd3 g6 48. Ne5 fxg4 1/2-1/2

[Event "Superettan(Rockaden,Umea-Vastervik)"]
[Site "?"]
[Date "2009.03.13"]
[Round "7"]
[White "Lindgren, Fredrik"]
[Black "Elenius, Erik"]
[Result "1-0"]
[WhiteElo "2231"]
[BlackElo "2051"]
[PlyCount "173"]

1. d4 Nf6 2. c4 g6 3. Nc3 Bg7 4. e4 d6 5. Nf3 O-O 6. Be2 e5 7. Be3 Ng4 8. Bg5
f6 9. Bc1 Nh6 10. O-O Bg4 11. dxe5 fxe5 12. Qd5+ Nf7 13. Qxb7 Nd7 14. Nd5 Rc8
15. Qxc8 Qxc8 16. Ne7+ Kh8 17. Nxc8 Rxc8 18. h3 Be6 19. Ng5 Nxg5 20. Bxg5 Nc5
21. Bg4 Bxg4 22. hxg4 Nxe4 23. Be3 Nf6 24. Bxa7 Nxg4 25. a4 c5 26. Bb6 e4 27.
a5 Ne5 28. b3 Nd7 29. Rae1 Re8 30. Bc7 Bc3 31. Re3 Bd4 32. Bxd6 Re6 33. Bc7 Kg8
34. Rfe1 Nf6 35. R1e2 Kf7 36. Ra2 Bxe3 37. fxe3 Ra6 38. Rd2 Ke6 39. Bd8 Ng4 40.
Re2 Ne5 41. Bc7 Nd3 42. Bb6 Ra8 43. Ra2 h5 44. Ra1 Kd6 45. Rf1 Ke6 46. Kh2 g5
47. Kh3 Rb8 48. Ra1 Kd6 49. a6 Kc6 50. a7 Ra8 51. Bd8 g4+ 52. Kh4 Kb7 53. Be7
g3 54. Kxg3 Rg8+ 55. Kh4 Ka8 56. Ra5 Rxg2 57. Bxc5 Nxc5 58. Rxc5 Kxa7 59. Re5
Rh2+ 60. Kg3 Rb2 61. Kf4 h4 62. Rh5 Rxb3 63. Kxe4 Rb4 64. Kd4 Kb6 65. Rxh4 Kc6
66. Rh6+ Kd7 67. Kd5 Rb3 68. Rh7+ Ke8 69. e4 Rd3+ 70. Ke5 Ra3 71. c5 Ra6 72.
Kd5 Rg6 73. e5 Kf8 74. c6 Kg8 75. Rb7 Rg1 76. c7 Rd1+ 77. Ke6 Rc1 78. Rb8+ Kg7
79. c8=Q Rxc8 80. Rxc8 Kg6 81. Rg8+ Kh5 82. Kf5 Kh4 83. e6 Kh3 84. Kf4 Kh2 85.
Kf3 Kh1 86. Kf2 Kh2 87. Rh8# 1-0

[Event "Superettan(Schack 08-Eskilstuna)"]
[Site "?"]
[Date "2009.03.13"]
[Round "7"]
[White "Logdahl, Harald"]
[Black "Ingbrandt, Johan"]
[Result "1-0"]
[WhiteElo "2382"]
[BlackElo "2469"]
[PlyCount "69"]

1. e4 e5 2. Nc3 Nf6 3. g3 Bc5 4. Bg2 O-O 5. d3 Re8 6. Nf3 Nc6 7. O-O a6 8. Be3
d6 9. h3 h6 10. d4 Bb4 11. d5 Ne7 12. Nh2 c6 13. Na4 cxd5 14. Bb6 Qd7 15. c3
Bc5 16. b4 Bxb4 17. cxb4 dxe4 18. Be3 Ned5 19. Ng4 Nxg4 20. hxg4 Qb5 21. Bxe4
Nxe3 22. fxe3 Qxb4 23. Bd5 Be6 24. Rb1 Qa3 25. Qb3 Qxb3 26. Bxb3 b5 27. Nc3
Rac8 28. Ne4 Bxb3 29. Rxb3 Re6 30. Rd3 Rc4 31. Nxd6 Rxg4 32. Kh2 h5 33. Nxf7 h4
34. Rd8+ Kh7 35. Kh3 1-0

[Event "Superettan(Schack 08-Eskilstuna)"]
[Site "?"]
[Date "2009.03.13"]
[Round "7"]
[White "Renman, Nils-Gustaf"]
[Black "Nilsson, Matthias"]
[Result "1/2-1/2"]
[WhiteElo "2431"]
[BlackElo "2310"]
[PlyCount "47"]

1. d4 d5 2. c4 c6 3. Nc3 Nf6 4. e3 e6 5. Nf3 Nbd7 6. Bd3 Bd6 7. O-O O-O 8. e4
dxe4 9. Nxe4 Nxe4 10. Bxe4 h6 11. Bc2 Re8 12. Re1 b6 13. b3 Bb7 14. Bb2 c5 15.
Qd3 Nf8 16. Rad1 Qc7 17. dxc5 Bxc5 18. Qc3 f6 19. Nd4 Rad8 20. Nb5 Qb8 21. b4
Be7 22. a3 Rxd1 23. Rxd1 Rd8 24. Rxd8 1/2-1/2

[Event "Superettan(Schack 08-Eskilstuna)"]
[Site "?"]
[Date "2009.03.13"]
[Round "7"]
[White "Eriksson, Bo"]
[Black "Schutz, Ingemar"]
[Result "1-0"]
[WhiteElo "2189"]
[BlackElo "2218"]
[PlyCount "47"]

1. e4 c5 2. Nf3 d6 3. d4 cxd4 4. Nxd4 Nf6 5. Nc3 Nc6 6. Bg5 e6 7. Qd2 a6 8.
O-O-O Bd7 9. f4 Be7 10. Be2 O-O 11. Bf3 h6 12. h4 e5 13. Nxc6 bxc6 14. fxe5
hxg5 15. exd6 g4 16. Be2 Re8 17. dxe7 Rxe7 18. Rhf1 Qa5 19. Kb1 Qh5 20. Qf4 Qc5
21. e5 Nd5 22. Nxd5 cxd5 23. Bd3 d4 24. Qe4 1-0

[Event "Superettan(Schack 08-Eskilstuna)"]
[Site "?"]
[Date "2009.03.13"]
[Round "7"]
[White "Faldt, Magnus"]
[Black "Didriksson, Mikael"]
[Result "1/2-1/2"]
[WhiteElo "2190"]
[BlackElo "2091"]
[PlyCount "84"]

1. d4 d5 2. c4 c6 3. Nf3 Nf6 4. Nc3 e6 5. e3 Nbd7 6. Bd3 Bd6 7. O-O O-O 8. e4
dxe4 9. Nxe4 Nxe4 10. Bxe4 Nf6 11. Bc2 c5 12. dxc5 Bxc5 13. a3 Qxd1 14. Rxd1 b6
15. b4 Be7 16. Ne5 Bb7 17. Be3 Rfd8 18. f3 Bd6 19. Bd4 Nd7 20. Bxh7+ Kxh7 21.
Nxf7 Bc7 22. Ng5+ Kg6 23. Nxe6 Rdc8 24. Bxg7 Nf6 25. Nxc7 Rxc7 26. Bxf6 Kxf6
27. Rd6+ Ke5 28. c5 bxc5 29. bxc5 Rxc5 30. Rh6 Rac8 31. Re1+ Kd4 32. Rd1+ Kc3
33. Rh7 Kc2 34. Rd4 R8c7 35. Rh6 Rc3 36. a4 Rg7 37. Kf2 Kc1 38. Re6 Rc2+ 39.
Re2 Rxe2+ 40. Kxe2 Rxg2+ 41. Ke3 Rxh2 42. Rd7 Bxf3 1/2-1/2

[Event "Superettan(Schack 08-Eskilstuna)"]
[Site "?"]
[Date "2009.03.13"]
[Round "7"]
[White "Svensson, Hakan"]
[Black "Ottenklev, Niclas"]
[Result "0-1"]
[WhiteElo "2022"]
[BlackElo "2176"]
[PlyCount "128"]

1. d4 f5 2. Nc3 Nf6 3. Bg5 Nc6 4. Bxf6 exf6 5. e3 d5 6. Bb5 Qd6 7. Qf3 Be6 8.
Nge2 O-O-O 9. Nf4 Ne7 10. O-O-O Kb8 11. Kb1 Bf7 12. Ba4 c6 13. Nd3 g6 14. Qf4
Nc8 15. g3 h5 16. h4 Bh6 17. Qxd6+ Nxd6 18. b4 a6 19. Bb3 Kc7 20. a4 Rhe8 21.
a5 Re7 22. Kb2 Rde8 23. Rde1 Bf8 24. Nf4 Rb8 25. Ra1 Ree8 26. Nd3 Bh6 27. Rhe1
Rbd8 28. Nc5 Re7 29. Nd3 Rde8 30. Rg1 Bg7 31. Rh1 g5 32. Rad1 Bg6 33. Bxd5 cxd5
34. Nxd5+ Kc6 35. Nxe7+ Rxe7 36. c3 Bf7 37. Nc5 Bd5 38. Rh2 Bf3 39. Rc1 Nc4+
40. Kb3 Bd5 41. hxg5 Nxe3+ 42. Ka4 Nc4 43. gxf6 Re2 44. Ra1 Nb2+ 45. Ka3 Kb5
46. c4+ Nxc4+ 47. Kb3 Bxf6 48. Kc3 Bf3 49. Nd3 Re4 50. Re1 Rxd4 51. Re6 Rd6+
52. Rxf6 Rxf6 53. Rh4 Nd6 54. Ne5 Ne4+ 55. Kb3 Bd1+ 56. Kb2 Rd6 57. Rf4 Rf6 58.
Nd7 Rf7 59. Ne5 Rf8 60. Nd7 Rc8 61. Rxf5+ Kxb4 62. Rd5 Rc2+ 63. Ka1 Nc3 64.
Rd4+ Ka3 0-1

[Event "Superettan(Schack 08-Eskilstuna)"]
[Site "?"]
[Date "2009.03.13"]
[Round "7"]
[White "Arvidsson, Tomas"]
[Black "Logdahl, Ulf"]
[Result "1-0"]
[WhiteElo "2122"]
[BlackElo "1990"]
[PlyCount "81"]

1. e4 e5 2. Nf3 Nc6 3. Bc4 Nf6 4. d3 Be7 5. c3 d6 6. h3 O-O 7. O-O Be6 8. Nbd2
h6 9. Re1 Nh7 10. Bxe6 fxe6 11. Qb3 Qc8 12. d4 exd4 13. cxd4 Nd8 14. d5 e5 15.
Nf1 Qd7 16. Ng3 b6 17. Nf5 Bf6 18. Qc4 Nf7 19. h4 h5 20. a4 g6 21. Ne3 Bg7 22.
Ra3 Bh6 23. Nd1 Kh8 24. Nc3 a6 25. Na2 b5 26. Qc2 Bg7 27. Bd2 Rfc8 28. Ra1 Nd8
29. Ng5 Nxg5 30. hxg5 c5 31. Rh3 b4 32. Qd1 Kg8 33. Nc1 a5 34. Ne2 Nf7 35. Ng3
Qe7 36. Nxh5 Nxg5 37. Rg3 gxh5 38. Bxg5 Qf8 39. Qxh5 Qf7 40. Qh4 Kf8 41. Rf3
1-0

[Event "Superettan(Schack 08-Eskilstuna)"]
[Site "?"]
[Date "2009.03.13"]
[Round "7"]
[White "Bragesjo, Tomas"]
[Black "Eriksson, Matts"]
[Result "1-0"]
[WhiteElo "1729"]
[BlackElo "2039"]
[PlyCount "91"]

1. e4 c6 2. d4 d5 3. Nc3 dxe4 4. Nxe4 Nf6 5. Nxf6+ gxf6 6. Bc4 Bf5 7. Bf4 e6 8.
Nf3 Bd6 9. Bxd6 Qxd6 10. Qe2 Rg8 11. g3 Nd7 12. O-O-O O-O-O 13. h3 Kb8 14. Nh4
Bg6 15. Nxg6 Rxg6 16. h4 f5 17. Qe3 Nf6 18. Be2 Ng4 19. Bxg4 Rxg4 20. c3 f4 21.
gxf4 Qxf4 22. Rdg1 Qxe3+ 23. fxe3 Rdg8 24. Rxg4 Rxg4 25. Rh2 Kc7 26. Kd2 Kd6
27. Kd3 f5 28. b4 b5 29. h5 Kd5 30. a4 a6 31. axb5 axb5 32. Ra2 Rg7 33. h6 Rf7
34. Rg2 e5 35. dxe5 Kxe5 36. Rg7 Kf6 37. Rxf7+ Kxf7 38. Kd4 Kg6 39. Ke5 Kxh6
40. Kf6 f4 41. exf4 Kh5 42. f5 Kg4 43. Ke6 h5 44. f6 h4 45. f7 h3 46. f8=Q 1-0

[Event "Superettan(Schack 08-Eskilstuna)"]
[Site "?"]
[Date "2009.03.13"]
[Round "7"]
[White "Wiklund, Johan"]
[Black "Matila, Mikko"]
[Result "0-1"]
[WhiteElo "1966"]
[BlackElo "1619"]
[PlyCount "56"]

1. Nf3 f5 2. c4 Nf6 3. Nc3 g6 4. d3 d6 5. e4 Nc6 6. g3 Bg7 7. Bg2 O-O 8. O-O e5
9. Bg5 f4 10. Nd5 Bg4 11. h3 Bxf3 12. Bxf3 Nd4 13. g4 c6 14. Nb4 Qb6 15. Bxf6
Bxf6 16. a3 a5 17. Nc2 Qxb2 18. Nxd4 Qxd4 19. Rb1 b6 20. a4 Ra7 21. Qb3 Bd8 22.
c5+ Kh8 23. cxb6 Rb7 24. Rfc1 Bxb6 25. Qc2 Rfb8 26. Ra1 Bc5 27. Ra2 Rb2 28.
Rxb2 Rxb2 0-1

[Event "Superettan(Wasa-Orebro)"]
[Site "?"]
[Date "2009.03.13"]
[Round "7"]
[White "Gruvaeus, Curt"]
[Black "Wedberg, Tom"]
[Result "1/2-1/2"]
[WhiteElo "2373"]
[BlackElo "2555"]
[PlyCount "131"]
[SourceDate "2009.03.19"]

1. d4 Nf6 2. Nf3 e6 3. g3 c5 4. Bg2 Nc6 5. O-O cxd4 6. Nxd4 Qb6 7. e3 d5 8. a4
e5 9. Nb3 Bg4 10. f3 Be6 11. a5 Qc7 12. f4 Bg4 13. Bf3 h5 14. Nc3 Rd8 15. a6 b6
16. Qe2 Qd7 17. e4 Bxf3 18. Qxf3 Nd4 19. Nxd4 exd4 20. Nxd5 Nxd5 21. exd5 Qxd5
22. Re1+ Be7 23. Qxd5 Rxd5 24. Bd2 Kd7 25. c4 dxc3 26. Bxc3 f6 27. Rad1 Rxd1
28. Rxd1+ Kc6 29. Kg2 Bd6 30. Kf3 Re8 31. h3 Bc5 32. Rd3 b5 33. b4 Bb6 34. Bd2
f5 35. Bc3 g6 36. Be5 Rd8 37. Rc3+ Kd5 38. Rc2 Rd7 39. g4 hxg4+ 40. hxg4 Rh7
41. Rd2+ Kc4 42. Rd6 Rh3+ 43. Kg2 fxg4 44. Rc6+ Kd5 45. Rxg6 Rb3 46. Bd6 Ra3
47. Be7 Ke4 48. Rxg4 Rxa6 49. Rg5 Be3 50. Re5+ Kxf4 51. Rxb5 Rg6+ 52. Kh3 Kf3
53. Kh4 Bf4 54. Bg5 Bxg5+ 55. Rxg5 Rh6+ 56. Rh5 Rb6 57. b5 Rb7 58. Rf5+ Ke4 59.
Kg4 Rg7+ 60. Rg5 Rf7 61. Rg6 Rb7 62. Rg5 Kd3 63. Kf4 Kd4 64. Kf3 Re7 65. Kf2
Kc4 66. Rf5 1/2-1/2

[Event "Superettan(Wasa-Orebro)"]
[Site "?"]
[Date "2009.03.13"]
[Round "7"]
[White "Hellborg, Teodor"]
[Black "Fransson, Peter"]
[Result "0-1"]
[WhiteElo "2369"]
[BlackElo "2345"]
[PlyCount "151"]

1. d4 Nf6 2. c4 g6 3. Nc3 Bg7 4. e4 d6 5. Be2 O-O 6. Nf3 e5 7. Be3 Ng4 8. Bg5
f6 9. Bh4 Nc6 10. d5 Ne7 11. Nd2 h5 12. h3 Nh6 13. b4 g5 14. Bg3 h4 15. Bh2 f5
16. exf5 Bxf5 17. Bg4 e4 18. Rc1 e3 19. fxe3 Bxg4 20. hxg4 Qd7 21. Nce4 Nxg4
22. Nxg5 Nxe3 23. Qe2 Rae8 24. Nde4 N7f5 25. Qh5 Bb2 26. Qg6+ Qg7 27. Qxg7+
Nxg7 28. Rb1 Nxc4 29. Kd1 b5 30. Re1 Bf6 31. Nf3 a6 32. Rb3 Bd8 33. Re2 Nf5 34.
Rd3 Kg7 35. Bg1 Nb2+ 36. Rxb2 Rxe4 37. a3 Rfe8 38. Ba7 Rc4 39. Rbd2 Bf6 40. Bf2
a5 41. bxa5 Ra8 42. Rb3 Rxa5 43. Rdd3 Rg4 44. Ne1 Ne7 45. Be3 b4 46. Rxb4 Rxb4
47. axb4 Rxd5 48. Ke2 Rxd3 49. Kxd3 Kg6 50. Nf3 Nd5 51. Bf2 Nf4+ 52. Ke4 Nxg2
53. Kd5 h3 54. Kc6 Kf5 55. Kxc7 Ke4 56. Nh2 d5 57. Bg3 Bc3 58. b5 Ba5+ 59. Kc6
Ne3 60. b6 Bxb6 61. Kxb6 d4 62. Kc5 d3 63. Be1 Nc2 64. Bd2 Nd4 65. Bc1 Nb3+ 66.
Kc4 Nxc1 67. Kc3 Ne2+ 68. Kd2 Nd4 69. Ng4 Nf3+ 70. Kd1 h2 71. Nf2+ Kf4 72. Nh1
Ke3 73. Kc1 Ke2 74. Ng3+ Ke1 75. Ne4 d2+ 76. Nxd2 0-1

[Event "Superettan(Wasa-Orebro)"]
[Site "?"]
[Date "2009.03.13"]
[Round "7"]
[White "Drugge, Patrick"]
[Black "Genkin, Michael"]
[Result "1-0"]
[WhiteElo "2267"]
[BlackElo "2337"]
[PlyCount "77"]

1. e4 c6 2. d4 d5 3. exd5 cxd5 4. c4 Nf6 5. Nc3 Nc6 6. Bf4 Be6 7. c5 g6 8. Bb5
Bg7 9. Nf3 O-O 10. Bxc6 bxc6 11. h3 Ne4 12. Rc1 f6 13. O-O Qd7 14. Re1 g5 15.
Bh2 Bf5 16. Nd2 Nxd2 17. Qxd2 Rae8 18. b4 a5 19. a3 Bg6 20. Na4 axb4 21. axb4
e5 22. dxe5 fxe5 23. Qxg5 e4 24. Nb6 Qe6 25. Qd2 d4 26. Nc4 Qd5 27. Bf4 Re6 28.
Bd6 Rf7 29. Nb6 Qb3 30. Ra1 Re8 31. Qa2 Qd3 32. Rad1 Qb5 33. Qc4 Qxc4 34. Nxc4
Rb7 35. Nb6 d3 36. Rb1 Bd4 37. Bf4 Bc3 38. Red1 Ra7 39. Be3 1-0

[Event "Superettan(Wasa-Orebro)"]
[Site "?"]
[Date "2009.03.13"]
[Round "7"]
[White "Astrom, Goran"]
[Black "Lind, Jan-Olov"]
[Result "1-0"]
[WhiteElo "2286"]
[BlackElo "2288"]
[PlyCount "99"]

1. e4 c5 2. Nf3 g6 3. d4 cxd4 4. Nxd4 Bg7 5. c4 Nc6 6. Be3 Nf6 7. Nc3 O-O 8.
Be2 b6 9. O-O Bb7 10. f3 Nh5 11. Nd5 Nxd4 12. Bxd4 Bxd4+ 13. Qxd4 Bxd5 14. cxd5
Qc7 15. Rac1 Qf4 16. Ba6 f5 17. d6 e6 18. Rc7 Rf7 19. Rd1 fxe4 20. Qxe4 Qxe4
21. fxe4 Nf4 22. Rf1 Rd8 23. Rxa7 g5 24. Bb5 g4 25. Rf2 h5 26. Kf1 Kg7 27. g3
Ng6 28. Rxf7+ Kxf7 29. Rxd7+ Rxd7 30. Bxd7 Ne5 31. Bb5 Nf3 32. Kf2 Kf6 33. h4
Ne5 34. Ke3 Nf7 35. d7 Ke7 36. Kd4 Nd6 37. Bc6 Nf7 38. b4 Kd6 39. Bb5 Kc7 40.
e5 Nh6 41. Ke4 Nf5 42. Kf4 Nd4 43. a4 Nf3 44. a5 bxa5 45. bxa5 Nd4 46. Ba4 Ne2+
47. Kg5 Nxg3 48. a6 Ne4+ 49. Kxh5 g3 50. a7 1-0

[Event "Superettan(Wasa-Orebro)"]
[Site "?"]
[Date "2009.03.13"]
[Round "7"]
[White "Zetterberg, Staffan"]
[Black "Collett, Peter"]
[Result "1-0"]
[WhiteElo "2322"]
[BlackElo "2248"]
[PlyCount "79"]

1. Nf3 Nf6 2. c4 c5 3. g3 b6 4. Bg2 Bb7 5. Nc3 e6 6. O-O Be7 7. Re1 Ne4 8. Nxe4
Bxe4 9. d4 O-O 10. d5 exd5 11. cxd5 d6 12. Qb3 Bf6 13. Bf4 a6 14. a4 Ra7 15.
Nd2 Bxg2 16. Kxg2 g5 17. Be3 Re8 18. Nc4 Rb7 19. Qd3 Qe7 20. h4 gxh4 21. Bf4
Be5 22. Bxe5 dxe5 23. Rh1 b5 24. Rxh4 e4 25. Rg4+ Kh8 26. Qc3+ f6 27. axb5 axb5
28. Ne3 b4 29. Qd2 Qe5 30. Nc4 Qe7 31. Qf4 Rd7 32. Ra8 Rdd8 33. Ra7 Rd7 34.
Rxd7 Nxd7 35. Nd6 Rf8 36. Nf5 Qe5 37. Qh6 Rf7 38. Rg7 Qxf5 39. Rxf7 Qg6 40.
Qxg6 1-0

[Event "Superettan(Wasa-Orebro)"]
[Site "?"]
[Date "2009.03.13"]
[Round "7"]
[White "Jonsson, Krister"]
[Black "Nordstrom, Felix"]
[Result "0-1"]
[WhiteElo "2044"]
[BlackElo "2209"]
[PlyCount "110"]

1. d4 Nf6 2. c4 e6 3. Nf3 d5 4. g3 Be7 5. Bg2 O-O 6. O-O Nbd7 7. Qc2 c6 8. Nbd2
b6 9. b3 Bb7 10. Bb2 Rc8 11. e3 c5 12. Rac1 cxd4 13. exd4 Bd6 14. Rfe1 Qe7 15.
Qd3 Ba3 16. Bxa3 Qxa3 17. Ne5 Rfd8 18. Qe3 Qd6 19. h4 Nf8 20. Qf4 Rc7 21. Ndf3
dxc4 22. bxc4 Bxf3 23. Qxf3 Rdc8 24. Red1 Qe7 25. Qb3 N6d7 26. Nxd7 Nxd7 27. a4
g6 28. Qb5 Kg7 29. a5 Qf6 30. a6 Qe7 31. Bb7 Rd8 32. h5 Kg8 33. Kg2 Nf6 34.
hxg6 hxg6 35. Qe5 Ne8 36. Rh1 Qf6 37. Rh4 Qxe5 38. dxe5 Rc5 39. f4 Kf8 40. Rh8+
Ke7 41. Kf3 Rd4 42. Ke3 Rdxc4 43. Rxc4 Rxc4 44. Kd3 Rc5 45. g4 b5 46. Rh2 Nc7
47. Rh8 Ne8 48. Rh2 g5 49. fxg5 Rxe5 50. g6 fxg6 51. Rh7+ Kd6 52. Be4 Rxe4 53.
Rxa7 Rxg4 54. Rb7 Nc7 55. a7 Ra4 0-1

[Event "Superettan(Wasa-Orebro)"]
[Site "?"]
[Date "2009.03.13"]
[Round "7"]
[White "Hallerod, Ralph"]
[Black "Larsson, Patrik"]
[Result "1-0"]
[WhiteElo "2082"]
[BlackElo "2038"]
[PlyCount "69"]

1. d4 Nf6 2. c4 c5 3. e3 e6 4. Nc3 b6 5. d5 e5 6. d6 a6 7. Nf3 Nc6 8. g3 Bb7 9.
Bg2 Qb8 10. Nd5 Nxd5 11. cxd5 Nd8 12. Nxe5 b5 13. e4 Bxd6 14. Nf3 O-O 15. Nh4
c4 16. Be3 Be5 17. Bd4 d6 18. Bh3 g6 19. f4 Bxd4 20. Qxd4 Qa7 21. Qxa7 Rxa7 22.
O-O-O f6 23. Rhe1 Ra8 24. Nf3 Bc8 25. Bxc8 Rxc8 26. Nd4 Nb7 27. Ne6 Rf7 28. Kc2
Nc5 29. Nxc5 Rxc5 30. Kc3 Re7 31. Kd4 Rc8 32. e5 Rce8 33. exd6 Rxe1 34. Rxe1
Rd8 35. Kc5 1-0

[Event "Superettan(Stockholms SS-Rodeby)"]
[Site "?"]
[Date "2009.03.13"]
[Round "7"]
[White "Svensson, Anders"]
[Black "Henriksson, Johan"]
[Result "1/2-1/2"]
[WhiteElo "2334"]
[BlackElo "2322"]
[PlyCount "53"]

1. c4 c6 2. g3 d5 3. Bg2 e6 4. Nf3 Nd7 5. Qc2 Ngf6 6. d4 Bd6 7. Bf4 Bxf4 8.
gxf4 Ne4 9. Nbd2 Nxd2 10. Qxd2 dxc4 11. Ne5 Nxe5 12. fxe5 Bd7 13. a4 Rb8 14.
Qc3 b5 15. axb5 cxb5 16. Rxa7 Qb6 17. Rxd7 Kxd7 18. O-O Rhd8 19. Qg3 Qxd4 20.
e3 Qd3 21. Qg4 Ke8 22. Be4 h5 23. Qg2 Qe2 24. Bf3 Qc2 25. Be4 Qe2 26. Bf3 Qc2
27. Be4 1/2-1/2

[Event "Superettan(Stockholms SS-Rodeby)"]
[Site "?"]
[Date "2009.03.13"]
[Round "7"]
[White "Bergstrom, Rolf"]
[Black "Greiff, Hakan"]
[Result "1/2-1/2"]
[WhiteElo "2355"]
[BlackElo "2282"]
[PlyCount "124"]

1. e4 e5 2. Nc3 Nc6 3. Nf3 Nf6 4. Bb5 Bc5 5. Bxc6 dxc6 6. d3 Qe7 7. h3 h6 8.
Bd2 Bd6 9. Qe2 c5 10. Nd1 Be6 11. Ne3 Nd7 12. Bc3 f6 13. a4 Nb8 14. Nh4 Qf7 15.
Nc4 Nc6 16. O-O g5 17. Nf5 Bxf5 18. exf5 O-O-O 19. Qe4 Qd7 20. Na5 Nxa5 21.
Bxa5 Be7 22. Bd2 Qd5 23. Be3 Qxe4 24. dxe4 a5 25. Ra3 Rd7 26. Rc3 Rhd8 27. Re1
b6 28. Kf1 Rd1 29. Ke2 Rxe1+ 30. Kxe1 Kd7 31. Rd3+ Bd6 32. c4 Ke7 33. g3 Kf7
34. Ke2 Re8 35. Bd2 Re7 36. Kf3 Re8 37. Bc3 Re7 38. Kg4 Kg7 39. Rd1 Re8 40. Rh1
Re7 41. Kh5 Re8 42. Rd1 Kf7 43. Rd5 Kg7 44. Rd1 Kf7 45. Rh1 Rg8 46. Bd2 Rd8 47.
Kg4 Re8 48. h4 Kg7 49. hxg5 hxg5 50. Bc3 Re7 51. Rh5 Re8 52. Bd2 Rh8 53. Rxh8
Kxh8 54. f4 gxf4 55. gxf4 exf4 56. Bxf4 Kg7 57. Bd2 Be5 58. Bc3 Bd6 59. Kh5 Bf4
60. Kg4 Bd6 61. Kf3 Kf7 62. Ke3 Bg3 1/2-1/2

[Event "Superettan(Stockholms SS-Rodeby)"]
[Site "?"]
[Date "2009.03.13"]
[Round "7"]
[White "Wahlbom, Magnus"]
[Black "Bergqvist, Mats"]
[Result "1-0"]
[WhiteElo "2240"]
[BlackElo "2226"]
[PlyCount "71"]

1. e4 c5 2. Nf3 e6 3. d4 cxd4 4. Nxd4 a6 5. Nc3 Qc7 6. g3 b5 7. Bg2 Bb7 8. O-O
h5 9. Re1 h4 10. a4 hxg3 11. hxg3 b4 12. Na2 Nc6 13. c3 bxc3 14. Nxc3 Nf6 15.
Nxc6 Bxc6 16. Bf4 Qa5 17. Nd5 Rc8 18. Bd2 Qd8 19. Bc3 Bxd5 20. exd5 Bc5 21. Bf3
Qb6 22. Qd2 a5 23. Re2 Qc7 24. Kg2 Bb6 25. Qg5 Rh6 26. Qxg7 Rg6 27. Qh8+ Ng8
28. Be5 Qc4 29. Rd1 Qxa4 30. Rdd2 Rc4 31. b3 Qxb3 32. Rb2 a4 33. Rxb3 axb3 34.
Bg7 b2 35. Qxg8+ Ke7 36. Qf8# 1-0

[Event "Superettan(Stockholms SS-Rodeby)"]
[Site "?"]
[Date "2009.03.13"]
[Round "7"]
[White "Asberg, Anders"]
[Black "Laksman, Efraim"]
[Result "0-1"]
[WhiteElo "2193"]
[BlackElo "2219"]
[PlyCount "58"]

1. e4 e5 2. Nc3 g6 3. f4 d6 4. Nf3 Bg7 5. Bc4 Nc6 6. O-O Be6 7. Bxe6 fxe6 8.
Ng5 Qe7 9. Qg4 Nd4 10. fxe5 Nh6 11. exd6 cxd6 12. Qg3 Rc8 13. Kh1 Be5 14. Qh4
Bf6 15. e5 dxe5 16. Nce4 Nhf5 17. Qg4 h5 18. Nxf6+ Qxf6 19. Ne4 hxg4 20. Nxf6+
Ke7 21. Ne4 Ne2 22. g3 Nexg3+ 23. Nxg3 Nxg3+ 24. Kg2 Nxf1 25. Kxf1 Rxc2 26. b3
Rxh2 27. Kg1 g3 28. Ba3+ Kd7 29. Bb4 Kc6 0-1

[Event "Superettan(Stockholms SS-Rodeby)"]
[Site "?"]
[Date "2009.03.13"]
[Round "7"]
[White "Ostling, Hakan"]
[Black "Nilsson, Mats"]
[Result "0-1"]
[WhiteElo "2216"]
[BlackElo "2170"]
[PlyCount "114"]

1. g3 d5 2. f4 g6 3. Nf3 Bg7 4. Bg2 Nf6 5. O-O O-O 6. d3 Nc6 7. c3 Rb8 8. b4 a5
9. b5 Na7 10. a4 c6 11. Be3 b6 12. Ne5 Ng4 13. Nxg4 Bxg4 14. h3 Be6 15. bxc6
Nxc6 16. Bd2 Qd7 17. Kh2 b5 18. axb5 Rxb5 19. Na3 Rb2 20. Bc1 Rb7 21. d4 Na7
22. Qd3 Rb3 23. Bd2 Rfb8 24. Qa6 Rb2 25. Bc1 R8b6 26. Qxa5 Nc6 27. Qa8+ Rb8 28.
Qa6 R8b6 29. Qd3 R2b3 30. Nc2 h5 31. Ba3 Bf5 32. Qd2 Na5 33. Ne3 R3b5 34. Bc5
Nb3 35. Qd1 Nxc5 36. dxc5 Rxc5 37. Nxf5 Qxf5 38. e4 Qf6 39. e5 Qe6 40. Qd4 Rbc6
41. Ra8+ Kh7 42. Rd8 Rxc3 43. Bxd5 Rc2+ 44. Rf2 Bxe5 45. fxe5 Qf5 46. Bxc6
Rxf2+ 47. Kg1 Rf1+ 48. Kg2 Rc1 49. Be4 Qf1+ 50. Kh2 Re1 51. Bg2 Re2 52. Qd5 h4
53. Rf8 hxg3+ 54. Kxg3 Qf2+ 55. Kg4 Qf5+ 56. Kg3 Qg5+ 57. Kh2 Qf4+ 0-1

[Event "Superettan(Stockholms SS-Rodeby)"]
[Site "?"]
[Date "2009.03.13"]
[Round "7"]
[White "Braathen, Tom"]
[Black "Bernhardsson, Sten"]
[Result "1-0"]
[WhiteElo "2111"]
[BlackElo "2096"]
[PlyCount "45"]

1. e4 c5 2. Nf3 e6 3. d4 cxd4 4. Nxd4 Nc6 5. Nc3 a6 6. Be2 Qc7 7. O-O Nf6 8.
Be3 b5 9. a3 Bb7 10. f4 d6 11. Nb3 Be7 12. Bd3 O-O 13. Qf3 Na5 14. Nxa5 Qxa5
15. Qh3 g6 16. f5 exf5 17. exf5 Qd8 18. Rae1 d5 19. Bd4 Nh5 20. fxg6 hxg6 21.
Bxg6 Bf6 22. Rxf6 fxg6 23. Rxg6+ 1-0

[Event "Superettan(Stockholms SS-Rodeby)"]
[Site "?"]
[Date "2009.03.13"]
[Round "7"]
[White "Eriksson, Bengt"]
[Black "Carlsten, Peter"]
[Result "1-0"]
[WhiteElo "1945"]
[BlackElo "2096"]
[PlyCount "103"]

1. d4 f5 2. Nc3 d5 3. Bg5 Nf6 4. Bxf6 exf6 5. e3 Be6 6. Qf3 Qd7 7. Nge2 Bf7 8.
Nf4 c6 9. Bd3 g6 10. O-O-O a5 11. h3 h5 12. g4 hxg4 13. hxg4 fxg4 14. Rxh8 gxf3
15. Nxg6 Bxg6 16. Bxg6+ Ke7 17. Rh7+ Ke6 18. Rxd7 Nxd7 19. Bh5 Bb4 20. Nb1 Rh8
21. Rh1 Rg8 22. Bxf3 f5 23. a3 Be7 24. Nc3 Nf6 25. Kd2 b5 26. Ne2 Bd6 27. Nf4+
Bxf4 28. exf4 Rg6 29. Ke3 Kd6 30. Ke2 Rg8 31. Rh6 Ke6 32. Rh1 Rb8 33. Kd3 b4
34. a4 Kd6 35. b3 Rc8 36. Rh6 Ke6 37. Rg6 c5 38. Bxd5+ Ke7 39. Rg7+ Kd6 40. Rg6
Ke7 41. Rg7+ Kd6 42. Bb7 Rd8 43. Kc4 cxd4 44. Kxd4 Ke6+ 45. Kc5 Ne4+ 46. Bxe4
fxe4 47. Rg5 Rd2 48. Re5+ Kf6 49. Kb5 Rxf2 50. Rxe4 Rxc2 51. Kxa5 Kf5 52. Rxb4
1-0

[Event "Superettan(Stockholms SS-Rodeby)"]
[Site "?"]
[Date "2009.03.13"]
[Round "7"]
[White "Lindblom, Peter"]
[Black "Svensson, Orjan"]
[Result "1-0"]
[WhiteElo "2062"]
[BlackElo "1952"]
[PlyCount "73"]

1. e4 c5 2. Nf3 Nc6 3. d3 e6 4. g3 d5 5. Nbd2 Nf6 6. Bg2 Be7 7. O-O O-O 8. Re1
dxe4 9. dxe4 e5 10. c3 Qc7 11. Qc2 Rd8 12. h3 b5 13. Nf1 Be6 14. Ne3 h6 15. g4
g5 16. Nd2 Rac8 17. Ndf1 Qb6 18. Ng3 Bf8 19. Qe2 b4 20. Ngf5 bxc3 21. bxc3 Qa5
22. Nd1 Qa4 23. Be3 Nxe4 24. Nb2 Nxc3 25. Nxa4 Nxe2+ 26. Rxe2 Nd4 27. Rd2 Bc4
28. Nc3 Rb8 29. Rc1 Rb4 30. Bxd4 exd4 31. a3 Rb3 32. Ne4 Bb5 33. Nxc5 Rxa3 34.
Rxd4 Rc8 35. Nd6 Bxd6 36. Rxd6 Kg7 37. Ne6+ 1-0